LEADER 01981nam 2200373 450 001 9910688361303321 005 20230630090810.0 024 7 $a10.5772/intechopen.74885 035 $a(CKB)5400000000046024 035 $a(NjHacI)995400000000046024 035 $a(EXLCZ)995400000000046024 100 $a20230630d2020 uy 0 101 0 $aeng 135 $aur||||||||||| 181 $ctxt$2rdacontent 182 $cc$2rdamedia 183 $acr$2rdacarrier 200 00$aApplied Geochemistry with Case Studies on Geological Formations, Exploration Techniques and Environmental Issues /$fedited by Luis Felipe Mazadiego, Fernando Barrio-Parra, Miguel Izquierdo-Diaz 210 1$aLondon :$cIntechOpen,$d2020. 215 $a1 online resource (140 pages) $cillustrations 311 $a1-78985-916-6 330 $aGeochemistry has become an essential subject to understand our origins and face the challenges that humanity will meet in the near future. This book presents several studies that have geochemistry as their central theme, from the description of different geological formations, through its use for the characterization of contaminated sites and their possible impact on ecosystems and human health, as well as the importance of geochemical techniques as a complement to other current scientific disciplines. Through the different chapters, the reader will be able to approach the world of geochemistry in several of its subfields (e.g. environmental, isotope, or biogeochemistry) and learn through practical cases. 606 $aGeochemistry 615 0$aGeochemistry. 676 $a551.9 702 $aMazadiego$b Luis Felipe 702 $aBarrio-Parra$b Fernando 702 $aIzquierdo-Diaz$b Miguel 801 0$bNjHacI 801 1$bNjHacl 906 $aBOOK 912 $a9910688361303321 996 $aApplied Geochemistry with Case Studies on Geological Formations, Exploration Techniques and Environmental Issues$92096453 997 $aUNINA LEADER 03136nam 2200697 a 450 001 9910956330503321 005 20251117082540.0 010 $a1-315-42039-2 010 $a1-315-42040-6 010 $a1-315-42041-4 010 $a1-59874-775-4 024 7 $a10.4324/9781315420417 035 $a(CKB)2550000000017924 035 $a(EBL)677821 035 $a(OCoLC)647927348 035 $a(SSID)ssj0000487261 035 $a(PQKBManifestationID)11325051 035 $a(PQKBTitleCode)TC0000487261 035 $a(PQKBWorkID)10441907 035 $a(PQKB)10939249 035 $a(MiAaPQ)EBC677821 035 $a(Au-PeEL)EBL677821 035 $a(CaPaEBR)ebr10386158 035 $a(OCoLC)956466793 035 $a(FINmELB)ELB160946 035 $a(EXLCZ)992550000000017924 100 $a20070810d2007 uy 0 101 0 $aeng 135 $aur|n|---||||| 181 $ctxt 182 $cc 183 $acr 200 10$aScoping the Amazon $eimage, icon, ethnography /$fStephen Nugent 205 $a1st ed. 210 $aWalnut Creek, CA $cLeft Coast Press$dc2007 215 $a1 online resource (262 p.) 300 $aFirst published 2007 by Left Coast Press. 311 08$a1-59874-177-2 311 08$a1-59874-176-4 320 $aIncludes bibliographical references (p. 227-247) and index. 327 $aIntroduction: Anthropology with pictures -- The head hunter cliche -- Visualizing social memory : race, class and ethnicity in Amazonia -- The tropic of Amazon : missing peoples and lingering metaphors -- The professional literature : 'what I saw in the tropics' -- Method and data : framing Indians -- Amazonia on screen : building a lost world -- Conclusion. 330 $aThe Amazon Indian is an icon that straddles the world between the professional anthropologist and the popular media. Presented alternately as the noble primitive, the savior of the environment, and as a savage, dissolute, cannibalistic half-human, it is an image well worth examining. Stephen Nugent does just that, critiquing the claims of authoritativeness inherent in visual images presented by anthropologists of Amazon life in the early 20th century and comparing them with the images found in popular books, movies, and posters. The book depicts the field of anthropology as its own form of cul 606 $aIndians of South America$zAmazon River Region$xPublic opinion 606 $aEuropeans$xAttitudes 606 $aIndigenous peoples in popular culture$zAmazon River Region 606 $aIndigenous peoples in motion pictures 606 $aStereotypes (Social psychology)$zAmazon River Region 615 0$aIndians of South America$xPublic opinion. 615 0$aEuropeans$xAttitudes. 615 0$aIndigenous peoples in popular culture 615 0$aIndigenous peoples in motion pictures. 615 0$aStereotypes (Social psychology) 676 $a981/.1 700 $aNugent$b Stephen$g(Stephen L.)$0937688 801 0$bMiAaPQ 801 1$bMiAaPQ 801 2$bMiAaPQ 906 $aBOOK 912 $a9910956330503321 996 $aScoping the Amazon$94489412 997 $aUNINA LEADER 04140nam 22007095 450 001 9910298619803321 005 20251230070330.0 010 $a3-319-21194-3 024 7 $a10.1007/978-3-319-21194-7 035 $a(CKB)3710000000460498 035 $a(EBL)4178372 035 $a(SSID)ssj0001546845 035 $a(PQKBManifestationID)16140793 035 $a(PQKBTitleCode)TC0001546845 035 $a(PQKBWorkID)14796022 035 $a(PQKB)10390700 035 $a(DE-He213)978-3-319-21194-7 035 $a(MiAaPQ)EBC3564462 035 $z(PPN)258865326 035 $a(PPN)188458948 035 $a(MiAaPQ)EBC4178372 035 $a(EXLCZ)993710000000460498 100 $a20150806d2015 u| 0 101 0 $aeng 135 $aur|n|---||||| 181 $ctxt 182 $cc 183 $acr 200 10$aNanopackaging: From Nanomaterials to the Atomic Scale $eProceedings of the 1st International Workshop on Nanopackaging, Grenoble 27-28 June 2013 /$fedited by Xavier Baillin, Christian Joachim, Gilles Poupon 205 $a1st ed. 2015. 210 1$aCham :$cSpringer International Publishing :$cImprint: Springer,$d2015. 215 $a1 online resource (194 p.) 225 1 $aAdvances in Atom and Single Molecule Machines,$x2193-9705 300 $aDescription based upon print version of record. 311 08$a3-319-21193-5 320 $aIncludes bibliographical references at the end of each chapters. 327 $aUtilization of Peridynamic Theory for Modeling at the Nano-scale -- DNA Metallization Processes and Nanoelectronics -- Evaluation of leakage current in 1-D silicon dangling-bond wire due to dopants -- Direct Integration of Carbon Nanotubes in Si Microsystems -- Nanopackaging requirements for atomic scale circuits and molecule-machines -- Single crystal Au triangles as reconfigurable contacts for atomically smooth surfaces: Ultra High Vacuum transfer printing -- Site-selective self-assembly of nano-objects on a planar substrate based on surface chemical functionalization -- Silicon technologies for nano-scale device packaging -- Designing Carbon Nanotubes Interconnects for Radio Frequency Applications -- Packaging of bucky-balls/ bucky?tubes in transparent photo-active inorganic polymers: New hope in the area of electronics and optoelectronics -- Novel Nanostructured Passives for RF and Power Applications: Nanopackaging with Passive Components. 330 $aThis book is a first attempt to merge two different communities: scientists and technologists. Therefore, it is not a general overview covering all the fields of nanopackaging, but is mainly focused on two topics. The first topic deals with atomic scale devices or circuit requirements, as well as related recent technological developments; for example, surface science engineering and atomic scale interconnects studies. The second main part of the book brings CNT nano-materials solutions for resolving interconnect or thermal management problems in microelectronics device packaging. This book is not just useful for those who attended the International Workshop on Nanopackaging in Grenoble, but can provide valuable information to scientists and technologists in the nanopackaging community. 410 0$aAdvances in Atom and Single Molecule Machines,$x2193-9705 606 $aNanochemistry 606 $aNanotechnology 606 $aBiophysics 606 $aNanochemistry 606 $aNanotechnology 606 $aBiophysics 615 0$aNanochemistry. 615 0$aNanotechnology. 615 0$aBiophysics. 615 14$aNanochemistry. 615 24$aNanotechnology. 615 24$aBiophysics. 676 $a621.381046 702 $aBaillin$b Xavier$4edt$4http://id.loc.gov/vocabulary/relators/edt 702 $aJoachim$b Christian$4edt$4http://id.loc.gov/vocabulary/relators/edt 702 $aPoupon$b Gilles$4edt$4http://id.loc.gov/vocabulary/relators/edt 801 0$bMiAaPQ 801 1$bMiAaPQ 801 2$bMiAaPQ 906 $aBOOK 912 $a9910298619803321 996 $aNanopackaging: From Nanomaterials to the Atomic Scale$92276639 997 $aUNINA